Gospodarze Euro 2020 - Statystyki

Ogólne statystyki
  • Ten quiz został rozwiązany 231 razy
  • Średni wynik to 8 z 12
Statystyki odpowiedzi
lp. Miasto % Poprawnych
8 Londyn
90%
12 Rzym
84%
2 Monachium
74%
3 Kopenhaga
71%
1 Budapeszt
67%
6 Baku
66%
5 Dublin
64%
11 Bukareszt
61%
10 Amsterdam
60%
4 Petersburg
55%
7 Bilbao
46%
9 Glasgow
41%
Nie znaleziono quizów pasujących do podanych kryteriów
Rozkład punktacji
Procent ludzi z każdym wynikiem
Percentyl według liczby udzielonych odpowiedzi
Twoja historia wyników
Nie rozwiązałeś tego quizu